[Event "Zahoracky GM 2017"]
[Site "Senica SVK"]
[Date "2017.05.11"]
[Round "5.5"]
[White "Pechac,Jergus"]
[Black "Simacek,P"]
[Result "1-0"]
[WhiteElo "2455"]
[BlackElo "2485"]

1.d4 d5 2.Nf3 c5 3.c4 cxd4 4.cxd5 Nf6 5.Qxd4 Qxd5 6.Nc3 Qxd4 7.Nxd4 a6 8.g3 e5
9.Nb3 Bd7 10.Bg2 Bc6 11.O-O Bb4 12.f3 Nbd7 13.Be3 O-O-O 14.Bf2 Kb8 15.Rac1 Nd5
16.Ne4 Be7 17.Rfd1 Nb4 18.Nc3 Bg5 19.e3 Nb6 20.Na5 Nd3 21.Rb1 Nxf2 22.Kxf2 Ba4
23.b3 Bd7 24.f4 exf4 25.exf4 Bf6 26.Ne4 Be7 27.b4 Ba4 28.Rdc1 Bb5 29.Kg1 Nd5
30.Nc5 b6 31.Nxa6+ Bxa6 32.Nc6+ Ka8 33.Rb3 Rhe8 34.Rd1 Bc4 35.Nxd8 Bxb3
36.axb3 Rxd8 37.Bxd5+ Kb8 38.b5 f6 39.Kf2 Bc5+ 40.Kf3 Rd7 41.Ke4 Re7+ 42.Kf5
Rd7 43.h4 Kc7 44.h5 Rd6 45.Ke4 Kd8 46.Ra1 f5+ 47.Ke5 Ke7 48.Ra4 g6 49.h6 Bf2
50.Bf7 Bxg3 51.Ra7+ Rd7 52.Rxd7+ Kxd7 53.Bxg6 Be1 54.Bxh7 Bc3+ 55.Kd5 Ke7
56.Bxf5 Kf6 57.Be4 Bd2 58.Kc6 Bxf4 59.h7 {#r} 1-0

[Event "Zahoracky GM 2017"]
[Site "Senica SVK"]
[Date "2017.05.13"]
[Round "8.4"]
[White "Mazur,Ste"]
[Black "Kuznetsov,Mi1"]
[Result "1-0"]
[WhiteElo "2459"]
[BlackElo "2259"]

1.e4 c6 2.d4 d5 3.Nd2 a6 4.c3 dxe4 5.Nxe4 Nf6 6.Nxf6+ exf6 7.Bd3 Bd6 8.Ne2 O-O
9.Qc2 g6 10.h4 f5 11.h5 Qf6 12.Be3 f4 13.Bd2 Bg4 14.hxg6 hxg6 15.O-O-O Nd7
16.f3 Be6 17.g3 fxg3 18.Rdg1 Rfe8 19.Nxg3 Bf4 20.Nh5 Bxd2+ 21.Qxd2 {#r} 1-0

[Event "Zahoracky GM 2017"]
[Site "Senica SVK"]
[Date "2017.05.11"]
[Round "5.1"]
[White "Mazur,Ste"]
[Black "Jurcik,Mari"]
[Result "1-0"]
[WhiteElo "2459"]
[BlackElo "2501"]

1.e4 e5 2.Nf3 d6 3.d4 exd4 4.Nxd4 Nf6 5.Nc3 Be7 6.Bc4 O-O 7.O-O Nbd7 8.Nf5 Ne5
9.Nxe7+ Qxe7 10.Be2 Ng6 11.Bg5 c6 12.Qd4 Qe5 13.Qxe5 dxe5 14.Rfd1 Be6 15.f3
Nf4 16.Bf1 h6 17.Bh4 g5 18.Bf2 g4 19.fxg4 Nxg4 20.Bc5 Rfe8 21.Kh1 Kh7 22.a4
Rg8 23.a5 Rg5 24.g3 Nh5 25.Rd2 Rag8 26.Bg2 a6 27.Rad1 Nxh2 28.Kxh2 Rxg3 29.Kh1
R3g4 30.Be3 f5 31.exf5 Ng3+ 32.Kh2 Rh4+ 33.Kg1 Nxf5 34.Bb6 Rhg4 35.Rf2 e4
36.Re1 Nh4 37.Ree2 Bc4 38.Rxe4 Nf3+ 39.Rxf3 Rxg2+ 40.Kh1 Rg1+ 41.Bxg1 {#r} 1-0

[Event "Zahoracky GM 2017"]
[Site "Senica SVK"]
[Date "2017.05.10"]
[Round "3.2"]
[White "Mazur,Ste"]
[Black "Jablonicky,Martin"]
[Result "1-0"]
[WhiteElo "2459"]
[BlackElo "2296"]

1.e4 e5 2.Nf3 Nc6 3.Bc4 Bc5 4.O-O Nf6 5.d3 d6 6.c3 h6 7.Be3 Bxe3 8.fxe3 O-O
9.Bb3 Be6 10.Nbd2 d5 11.exd5 Bxd5 12.Bc2 Qd6 13.Nh4 Be6 14.Rxf6 gxf6 15.Ne4
Qe7 16.Qh5 f5 17.Nxf5 Bxf5 18.Qxf5 Qe6 19.Qf3 Kg7 20.Rf1 f5 21.Nc5 Qg6 22.Bb3
Rae8 23.Nxb7 e4 24.Qf4 exd3 25.Nc5 Ne5 26.Rd1 Qd6 27.Qg3+ Kh7 28.Nxd3 Ng4
29.Nf4 Qc5 30.Rd7+ Re7 31.Ne6 Rxd7 32.Nxc5 Re7 33.Ne6 {#r} 1-0

[Event "German Club Cup Final"]
[Site "Dresden GER"]
[Date "2017.05.13"]
[Round "1.2"]
[White "Vogel,Roven"]
[Black "Naiditsch,A"]
[Result "0-1"]
[WhiteElo "2464"]
[BlackElo "2700"]

1.c4 Nf6 2.Nc3 g6 3.d4 Bg7 4.e4 d6 5.Be2 O-O 6.Be3 c6 7.Nf3 Na6 8.O-O e5
9.dxe5 dxe5 10.h3 Qe7 11.Qc2 Nh5 12.Rfd1 Nf4 13.a3 Nc5 14.b4 Nxe2+ 15.Nxe2 Ne6
16.c5 a5 17.Bd2 Re8 18.Bc3 Nc7 19.Nc1 f5 20.Re1 fxe4 21.Qxe4 Bf5 22.Qc4+ Be6
23.Qf1 e4 24.Nd4 Bf7 25.Rb1 axb4 26.axb4 Rad8 27.Nde2 Bc4 28.Bxg7 Qxg7 29.Nb3
Nd5 30.Rec1 Bd3 31.Qe1 Bxb1 32.Rxb1 Qe5 33.Na5 e3 34.f3 Nf4 35.Nc4 Qg5 36.Nxf4
Qxf4 37.Nd6 Re7 38.Qe2 Ra8 39.b5 Qd4 40.bxc6 bxc6 41.Ne4 Ra1 42.Rxa1 Qxa1+
43.Kh2 Qe5+ 44.Kg1 Qd4 45.h4 Rb7 46.Kh2 Kg7 47.Qa2 h6 48.Kg3 Re7 49.Qe2 Ra7
50.Qc2 Qe5+ 51.f4 Qd4 {#R} 0-1

[Event "11th Agzamov Mem 2017"]
[Site "Tashkent UZB"]
[Date "2017.05.09"]
[Round "8.2"]
[White "Kotanjian,T"]
[Black "Kotsur,P"]
[Result "1-0"]
[WhiteElo "2471"]
[BlackElo "2552"]

1.d4 e6 2.c4 d5 3.Nc3 c6 4.e3 Nf6 5.Nf3 Nbd7 6.Bd3 dxc4 7.Bxc4 b5 8.Bd3 Bb7
9.a3 Bd6 10.O-O O-O 11.Qc2 a5 12.Bd2 Rc8 13.Ng5 Bxh2+ 14.Kxh2 Ng4+ 15.Kg3 Qxg5
16.f4 Qe7 17.Kxg4 f5+ 18.Kg3 c5 19.Bxb5 Nf6 20.Kf2 Ng4+ 21.Ke2 cxd4 22.exd4
Bxg2 23.Rg1 Qb7 24.Qd3 Rxc3 25.Bxc3 Be4 26.Qc4 Bd5 27.Qa4 Bf3+ {#r} 1-0

[Event "Nakhchivan Open 2017"]
[Site "Nakhchivan AZE"]
[Date "2017.05.11"]
[Round "9.7"]
[White "Beradze,I"]
[Black "Gasanov,E"]
[Result "0-1"]
[WhiteElo "2472"]
[BlackElo "2484"]

1.d4 f5 2.Nc3 Nf6 3.Bg5 d5 4.Bxf6 exf6 5.e3 Be6 6.Bd3 Qd7 7.Qf3 Nc6 8.a3 O-O-O
9.Nge2 Ne7 10.Qg3 Kb8 11.b4 Nc8 12.f3 Bf7 13.Qf2 Nd6 14.O-O g6 15.Nf4 Nc4
16.Bxc4 dxc4 17.Rad1 Bd6 18.Nfe2 Rhe8 19.e4 h5 20.d5 fxe4 21.fxe4 Be5 22.Nd4
Qd6 23.Kh1 Ka8 24.Ncb5 Qa6 25.a4 Kb8 26.c3 Bg8 27.Nf3 Bf4 28.g3 Bh6 29.Rfe1
Rd7 30.Kg1 Bg7 31.Nfd4 Rde7 32.Qf4 f5 33.Nf3 Qb6+ 34.Kh1 Rxe4 35.Rxe4 Rxe4
36.d6 cxd6 37.Qxd6+ Qxd6 38.Rxd6 Re8 39.Rxg6 Bh8 40.Kg1 Bd5 41.Kf2 a6 42.Nd6
Rd8 43.b5 Bxc3 44.bxa6 bxa6 45.Ke3 Bb4 46.Nxf5 Bc5+ 47.N3d4 c3 48.Kf4 Rf8
49.Nc2 Bb3 50.Na1 Bxa4 51.g4 hxg4 52.Rxg4 c2 {#R} 0-1

[Event "Nakhchivan Open 2017"]
[Site "Nakhchivan AZE"]
[Date "2017.05.09"]
[Round "7.4"]
[White "Beradze,I"]
[Black "Khenkin,I"]
[Result "1-0"]
[WhiteElo "2472"]
[BlackElo "2568"]

1.d4 Nf6 2.c4 e6 3.Nf3 d5 4.Nc3 c6 5.e3 Nbd7 6.Bd3 dxc4 7.Bxc4 b5 8.Bd3 Bb7
9.a3 Bd6 10.b4 a5 11.Rb1 axb4 12.axb4 Nd5 13.Nxd5 exd5 14.Qc2 Qe7 15.O-O Nf6
16.Ne5 Ra6 17.Bd2 O-O 18.f3 Bxe5 19.dxe5 Qxe5 20.Rfe1 Rfa8 21.Bc3 Qd6 22.Rbd1
Ra2 23.Qc1 Nd7 24.Bb1 R2a3 25.e4 c5 26.exd5 cxb4 27.Bb2 R3a6 28.Qg5 f6 29.Qh5
Nf8 30.Re4 Qc5+ 31.Kh1 Rd8 32.Red4 b3 33.h3 Ra4 34.R4d2 Qe3 35.Be4 Ra2 36.Qh4
Ng6 37.Qg3 Ne5 38.Rd3 Nxd3 39.Bxf6 Nf2+ 40.Kh2 Rd7 41.Bf5 Kf8 42.Be6 Ra8
43.Bd4 Nxd1 44.Bxe3 Nxe3 45.Qf4+ Ke8 46.Qxe3 b2 47.Bxd7+ Kxd7 48.Qb3 Kd6
49.Qb4+ Kc7 50.Qc5+ Kb8 51.Qxb5 Ra5 52.Qxb2 Rxd5 53.Qxg7 h5 54.Kg3 Bc6 55.Kh4
Kc8 56.g4 hxg4 57.hxg4 {#r} 1-0

[Event "Zahoracky GM 2017"]
[Site "Senica SVK"]
[Date "2017.05.12"]
[Round "6.4"]
[White "Czebe,A"]
[Black "Haring,Filip"]
[Result "1-0"]
[WhiteElo "2475"]
[BlackElo "2328"]

1.b3 Nf6 2.Bb2 g6 3.g3 Bg7 4.Bg2 O-O 5.Nf3 d6 6.d4 Nbd7 7.O-O c6 8.Nbd2 Qc7
9.e4 e5 10.dxe5 dxe5 11.Qe2 Re8 12.Rfd1 b6 13.Nc4 Ba6 14.Ne1 Nc5 15.f3 Nfd7
16.Bf1 Ne6 17.Qf2 Ndc5 18.a4 Bxc4 19.Bxc4 a5 20.Bc1 Red8 21.Be3 Rab8 22.Rxd8+
Qxd8 23.c3 b5 24.axb5 cxb5 25.Bd5 Bf8 26.Qa2 b4 27.cxb4 Rxb4 28.Qxa5 Qxa5
29.Rxa5 Nxb3 30.Ra8 Nbd4 31.Nd3 Rb1+ 32.Kg2 Kg7 33.Nxe5 Nc2 34.Bf2 Rb2 35.Nc4
Rb1 36.Bxe6 fxe6 37.Ne5 Ne1+ 38.Kh3 Bd6 39.Ra7+ Kg8 40.Ng4 Kf8 41.Bxe1 Rxe1
42.Rxh7 Rg1 43.Ra7 Rf1 44.f4 {#r} 1-0

[Event "Zahoracky GM 2017"]
[Site "Senica SVK"]
[Date "2017.05.10"]
[Round "4.5"]
[White "Czebe,A"]
[Black "Mazur,Ste"]
[Result "1-0"]
[WhiteElo "2475"]
[BlackElo "2459"]

1.d4 Nf6 2.g3 g6 3.Bg2 Bg7 4.e4 d6 5.Ne2 O-O 6.O-O e5 7.h3 Nc6 8.Be3 Bd7 9.d5
Ne7 10.c4 Nh5 11.Nec3 Qe8 12.Nb5 Bxb5 13.cxb5 Qxb5 14.Nc3 Qd7 15.Kh2 f5
16.exf5 Nxf5 17.Bd2 Nf6 18.Rc1 c5 19.dxc6 bxc6 20.Qa4 Rac8 21.Ne2 c5 22.Qxd7
Nxd7 23.b4 Nb6 24.bxc5 dxc5 25.Nc3 Nd4 26.Ne4 c4 27.Bb4 Rfd8 28.Rfe1 Bf8
29.Ba5 Kg7 30.Rb1 Bc5 31.Rec1 Rd7 32.Bf1 Be7 33.Kg2 Rdc7 34.Nc3 Rc6 35.Re1 Bd6
36.Re4 Rb8 37.f4 Nd7 38.fxe5 Rxb1 39.Nxb1 Bxe5 40.Bc3 Rd6 41.Na3 Bf6 42.Nxc4
Rd5 43.Ne3 Rd6 44.Ng4 Nf5 45.Nxf6 Nxf6 46.g4 Nh4+ 47.Kg3 g5 48.Rd4 Re6 49.Bd3
Kh6 50.Bd2 Ng6 51.a4 Re5 52.a5 Rd5 53.Rxd5 Nxd5 54.Kf3 Ngf4 55.Be4 Kg7 56.Bxd5
Nxd5 57.Ke4 Nf6+ 58.Kf5 Kf7 59.Bxg5 Nd7 60.Be3 a6 61.h4 Nb8 62.Bd2 Nc6 63.h5
Ke7 64.Be1 Kf7 65.Bd2 Ke7 66.Bc3 Kf7 67.g5 Ke7 68.g6 hxg6+ 69.Kxg6 Kf8 70.Bg7+
Kg8 71.Bf6 {#r} 1-0

[Event "6th Llucmajor Open 2017"]
[Site "Llucmajor ESP"]
[Date "2017.05.14"]
[Round "2.14"]
[White "Pap,M"]
[Black "Hall,Joh"]
[Result "1-0"]
[WhiteElo "2480"]
[BlackElo "2176"]

1.e4 c5 2.c3 Nf6 3.e5 Nd5 4.Nf3 Nc6 5.Bc4 Nb6 6.Bb3 d5 7.exd6 Qxd6 8.Na3 a6
9.O-O e6 10.d4 cxd4 11.cxd4 Be7 12.Qd3 Nb4 13.Qe4 N4d5 14.Re1 Bd7 15.Ne5 Bc6
16.Qg4 O-O 17.Bh6 Bf6 18.Rad1 Rfe8 19.Rd3 g6 20.h4 Bg7 21.Bxg7 Kxg7 22.h5 Qe7
23.Rh3 f5 24.Qg3 g5 25.h6+ Kg8 26.Rh5 g4 27.Nxc6 bxc6 28.Rxf5 exf5 29.Rxe7
Rxe7 30.Qd6 Kh8 31.Bxd5 Nxd5 32.Qxc6 Rd8 33.Nc4 Kg8 34.Ne5 a5 35.Qc2 {#r} 1-0

[Event "16th Asian Continental w"]
[Site "Chengdu CHN"]
[Date "2017.05.14"]
[Round "3.1"]
[White "Lei Tingjie"]
[Black "Gomes,Mary"]
[Result "1-0"]
[WhiteElo "2482"]
[BlackElo "2318"]

1.d4 Nf6 2.c4 c5 3.d5 e6 4.Nc3 exd5 5.cxd5 d6 6.Nf3 g6 7.Bf4 a6 8.Nd2 b5 9.a4
b4 10.Nce4 Nxe4 11.Nxe4 Bf5 12.Nd2 Qf6 13.Qc1 Nd7 14.e4 g5 15.Bg3 Bg6 16.Nc4
Ne5 17.Bxe5 dxe5 18.Qe3 h5 19.Bd3 Rd8 20.Na5 g4 21.h3 Rc8 22.Nc6 Rxc6 23.dxc6
Qxc6 24.hxg4 Bh6 25.g5 Bf8 26.Qe2 Be7 27.Bxa6 Qxe4 28.Qxe4 Bxe4 29.Bb5+ Kf8
30.f3 Ba8 31.Rc1 Kg7 32.Ke2 Kg6 33.a5 Kxg5 34.a6 f5 35.Rcd1 h4 36.Rd7 Bf6
37.Rd6 Rc8 38.Bc4 e4 39.f4+ Kg6 40.Rhd1 e3 41.Bd5 Bxd5 42.R1xd5 c4 43.a7 Ra8
44.Ra6 c3 45.bxc3 bxc3 46.Rdd6 {#r} 1-0

[Event "16th Asian Continental w"]
[Site "Chengdu CHN"]
[Date "2017.05.12"]
[Round "1.1"]
[White "Lei Tingjie"]
[Black "Luong Phuong Hanh"]
[Result "1-0"]
[WhiteElo "2482"]
[BlackElo "2224"]

1.d4 Nf6 2.c4 g6 3.f3 d5 4.cxd5 Nxd5 5.e4 Nf6 6.Nc3 Bg7 7.Bg5 O-O 8.Qd2 c6
9.O-O-O b5 10.Kb1 Be6 11.Nge2 Bc4 12.h4 b4 13.Na4 a5 14.h5 Re8 15.hxg6 hxg6
16.g4 Nbd7 17.Bh6 Bh8 18.e5 Nh7 19.Ng3 Bd5 20.Ne4 Bxe4+ 21.fxe4 Ndf8 22.Qh2
Bg7 23.Bxg7 Kxg7 24.Qh6+ Kg8 25.e6 f6 26.Nc5 Ra7 27.Bc4 Kh8 28.Rh2 Qd6 29.e5
fxe5 30.Ne4 {#r} 1-0

[Event "Lviv Rapid Cup 2017"]
[Site "Lviv UKR"]
[Date "2017.05.09"]
[Round "12.7"]
[White "Kislinsky,A"]
[Black "Azarov,S"]
[Result "0-1"]
[WhiteElo "2484"]
[BlackElo "2582"]

1.e4 c5 2.c3 Nf6 3.e5 Nd5 4.Nf3 Nc6 5.Bc4 e6 6.d4 d6 7.O-O cxd4 8.cxd4 Be7
9.exd6 Qxd6 10.Nc3 Nxc3 11.bxc3 O-O 12.Re1 b6 13.Ng5 Bxg5 14.Bxg5 Bb7 15.Bd3
Ne7 16.Re3 Nf5 17.Rh3 h6 18.Bd2 Rac8 19.Qg4 Qd5 20.Re1 Rfd8 21.a4 Qa2 22.Qe2
Qxa4 23.g4 Ne7 24.g5 Qc6 25.f3 h5 26.Be4 Nd5 27.g6 f5 28.f4 Nxf4 29.Bxc6 Nxe2+
30.Rxe2 Rxc6 31.Rxh5 a5 32.Bg5 Rdc8 33.Kf2 a4 34.Bf4 e5 35.Rxe5 Rxg6 36.Re7
Be4 37.Ra7 Rxc3 38.Bg5 a3 39.Ke2 b5 40.Bd2 Rb3 41.d5 Bf3+ {#R} 0-1

[Event "Zahoracky GM 2017"]
[Site "Senica SVK"]
[Date "2017.05.12"]
[Round "7.5"]
[White "Simacek,P"]
[Black "Karas,Marek"]
[Result "1-0"]
[WhiteElo "2485"]
[BlackElo "2283"]

1.e4 e6 2.d4 d5 3.Nc3 Nf6 4.e5 Nfd7 5.f4 c5 6.Nf3 Nc6 7.Be3 Be7 8.Qd2 O-O
9.dxc5 Bxc5 10.O-O-O a6 11.g4 Bxe3 12.Qxe3 f6 13.Bd3 Qb6 14.Qxb6 Nxb6 15.exf6
Rxf6 16.Ne2 Bd7 17.g5 Rff8 18.h4 Na4 19.c3 Nc5 20.Bc2 b5 21.Rhf1 a5 22.f5 Rad8
23.Nf4 Ne7 24.Ne5 b4 25.Nxd7 Rxd7 26.Nxe6 Nxe6 27.fxe6 Rdd8 28.Rxf8+ Rxf8
29.cxb4 axb4 30.Rd4 Rb8 31.Kd2 h6 32.gxh6 gxh6 33.Rf4 Rb6 34.Rf6 h5 35.Ke3 Rc6
36.Bb3 Rc1 37.Kd4 Re1 38.Kc5 Re4 39.Kd6 {#r} 1-0

[Event "TCh-BLR 2017"]
[Site "Minsk BLR"]
[Date "2017.05.11"]
[Round "4.1"]
[White "Teterev,V"]
[Black "Borsuk,Y"]
[Result "1-0"]
[WhiteElo "2487"]
[BlackElo "2280"]

1.Nf3 Nf6 2.g3 g6 3.Bg2 Bg7 4.d4 d5 5.c4 c6 6.Qb3 O-O 7.O-O Nbd7 8.cxd5 cxd5
9.Nc3 Nb6 10.Ne5 Be6 11.Nd3 Ne4 12.Nf4 Nxc3 13.bxc3 Qd7 14.e4 dxe4 15.Nxe6
Qxe6 16.Qxe6 fxe6 17.Bh3 e5 18.Be6+ Kh8 19.d5 Rf3 20.Rb1 Rxc3 21.Be3 Bf6
22.Rfc1 Rxc1+ 23.Rxc1 Rd8 24.Rb1 Kg7 25.h4 Kf8 26.Rb5 Ke8 27.Kg2 Rd6 28.Kh3 h5
29.a4 Rd8 30.a5 Nc4 31.Bxa7 Nd6 32.Rc5 Ra8 33.Bb6 e3 34.fxe3 e4 35.Rc2 Kf8
36.Rc7 Be5 37.g4 hxg4+ 38.Kxg4 Bf6 39.Rd7 Ke8 40.Rc7 Kf8 41.Bc5 Be5 42.Bb4 Ra6
43.Rd7 b6 44.Kg5 bxa5 45.Bc5 Ke8 46.Kxg6 a4 47.Ba3 Ra8 48.h5 Nc8 49.h6 Ra7
50.Rxa7 Nxa7 51.Kf5 Bh8 52.d6 exd6 53.Bxd6 Nc6 54.Kxe4 Nd8 55.Kf5 Nf7 56.Ba3
Bc3 57.h7 Bh8 58.Bc4 Nh6+ 59.Ke6 Ng4 60.Be7 {#r} 1-0

[Event "Asian Juniors 2017"]
[Site "Shiraz IRI"]
[Date "2017.05.09"]
[Round "8.2"]
[White "Firouzja,Alireza"]
[Black "Tran Tuan Minh"]
[Result "1-0"]
[WhiteElo "2487"]
[BlackElo "2537"]

1.e4 c5 2.Nf3 d6 3.d4 cxd4 4.Nxd4 Nf6 5.Nc3 a6 6.h3 e5 7.Nde2 b5 8.Ng3 Bb7
9.Bg5 Nbd7 10.a3 g6 11.Qf3 Rc8 12.Rd1 h6 13.Be3 Be7 14.Be2 Nb6 15.O-O Kf8
16.Rd2 Nc4 17.Bxc4 Rxc4 18.Rfd1 Kg7 19.Rd3 Qd7 20.Qe2 Qc8 21.Qe1 Qe6 22.f3
Rhc8 23.Nf1 R4c7 24.Qd2 Ng8 25.Bb6 Rd7 26.Ba5 Bg5 27.Qf2 Ne7 28.h4 Bf6 29.Bb4
Rcd8 30.Ne3 h5 31.g3 d5 32.exd5 Nxd5 33.Ncxd5 Bxd5 34.Ba5 Bc6 35.Bxd8 Bxd8
36.Rxd7 Bxd7 37.Nd5 Bc6 38.Nb4 Bd7 39.Nd3 Bb6 40.Nc5 Qc4 41.b4 Bf5 42.Qe3 Qxc2
43.Qxe5+ Kh7 44.Qd5 Be6 45.Qd4 Bc4 46.Qd2 Qb3 47.Kg2 Qxa3 48.Ne4 Be3 49.Qc3
Qa2+ 50.Kh1 Qe2 51.Nf6+ Kh6 52.Ng8+ Kh7 53.Nf6+ Kh6 54.Ng4+ Kh7 55.Nxe3 Qxf3+
56.Kh2 Qe2+ 57.Kg1 Qf3 58.Qe5 {#r} 1-0

[Event "6th Llucmajor Open 2017"]
[Site "Llucmajor ESP"]
[Date "2017.05.14"]
[Round "2.12"]
[White "Ubilava,E"]
[Black "Ni,V"]
[Result "1-0"]
[WhiteElo "2491"]
[BlackElo "2195"]

1.d4 Nf6 2.c4 g6 3.Nc3 Bg7 4.Nf3 d6 5.g3 O-O 6.Bg2 Nc6 7.O-O a6 8.h3 Bd7 9.Be3
Rb8 10.Rc1 Na5 11.Nd2 b5 12.cxb5 axb5 13.b4 Nc4 14.Nxc4 bxc4 15.b5 Qc8 16.Kh2
c6 17.bxc6 Bxc6 18.d5 Bd7 19.Qd2 Qa6 20.Bd4 Rb7 21.Rb1 Rfb8 22.Rxb7 Rxb7
23.Rb1 Rxb1 24.Nxb1 Qb5 25.Nc3 Qb4 26.e3 Bf5 27.Bf1 Nxd5 28.Bxg7 Kxg7 29.Qxd5
Qxc3 30.Qxc4 Qa3 31.Bg2 Bb1 32.Bd5 e6 33.Qb3 Qc1 34.Bg2 d5 35.a4 Bf5 36.a5 Qd2
37.Qb6 Qa2 38.g4 Be4 39.Bxe4 dxe4 40.Kg2 e5 41.g5 Kg8 {#r} 1-0

[Event "Lviv Rapid Cup 2017"]
[Site "Lviv UKR"]
[Date "2017.05.09"]
[Round "10.12"]
[White "Gritsak,O"]
[Black "Vetoshko,V"]
[Result "0-1"]
[WhiteElo "2497"]
[BlackElo "2498"]

1.Nf3 Nf6 2.c4 e6 3.g3 d5 4.Bg2 dxc4 5.Qa4+ Nbd7 6.Qxc4 a6 7.Qc2 c5 8.O-O b5
9.b3 Bb7 10.Bb2 Be7 11.d3 O-O 12.Nbd2 Rc8 13.Rac1 Nd5 14.Rfd1 Bf6 15.a3 b4
16.Ne4 Bxb2 17.Qxb2 Qe7 18.Re1 f5 19.Ned2 Nc3 20.Nb1 Nb5 21.e3 Nf6 22.a4 Nd6
23.Rc2 Nf7 24.Rec1 e5 25.Nbd2 e4 26.dxe4 fxe4 27.Ne1 Ne5 28.Nc4 Nf3+ 29.Nxf3
exf3 30.Bh3 Rcd8 31.Qe5 Rfe8 32.Qxe7 Rxe7 33.Na5 Ne4 34.Nxb7 Rxb7 35.Bf5 Nc3
36.h4 Ne2+ 37.Kf1 Nxc1 38.Rxc1 Rc7 39.Ke1 Kf8 40.Be4 Ke7 41.Bxf3 Rd3 42.Rb1 a5
43.Be2 Rc3 44.Bb5 Rc8 45.Rb2 Rd8 46.Ke2 Kf6 47.Bc4 Ke5 48.Kf3 Rd1 49.Bg8 h6
50.g4 Rh1 51.h5 Rd1 52.Bf7 Kf6 53.Bg8 Kg5 54.Be6 Rd6 55.Bf5 Kf6 56.Kf4 c4
57.bxc4 Rxc4+ 58.e4 Rd1 59.Bh7 Rdd4 60.Bg6 Rd8 61.Bf5 Rd6 62.Bg6 Rdd4 63.Bf5
Rc3 64.f3 b3 65.Bg6 Rxa4 66.Rd2 Ke7 67.Bf5 Rc7 68.Rd5 b2 {#R} 0-1

[Event "Lviv Rapid Cup 2017"]
[Site "Lviv UKR"]
[Date "2017.05.09"]
[Round "11.10"]
[White "Vetoshko,V"]
[Black "Mirzoev,E"]
[Result "1-0"]
[WhiteElo "2498"]
[BlackElo "2443"]

1.e4 e6 2.d4 d5 3.Nd2 Nc6 4.Ngf3 Nf6 5.e5 Ng4 6.h3 Nh6 7.c3 f6 8.Bd3 Nf7
9.exf6 Qxf6 10.Nf1 e5 11.Ne3 Be6 12.dxe5 Ncxe5 13.Be2 Nxf3+ 14.Bxf3 O-O-O
15.Qd4 Ne5 16.Be2 c5 17.Qa4 d4 18.cxd4 cxd4 19.Ng4 Nxg4 20.hxg4 Kb8 21.Rh5 Rc8
22.Bg5 Qf7 23.Qxd4 Bc5 24.Bf4+ Ka8 25.Rxc5 Rxc5 26.Qxc5 Qxf4 27.Rc1 a6 28.Qe3
Qf6 29.Rc3 Bd5 30.Kf1 Rf8 31.Kg1 Qg6 32.Qc5 Qf7 33.Bf3 Bxa2 34.Bxb7+ Kxb7
35.Rf3 Be6 36.Qxf8 {#r} 1-0

[Event "Lviv Rapid Cup 2017"]
[Site "Lviv UKR"]
[Date "2017.05.09"]
[Round "13.8"]
[White "Vetoshko,V"]
[Black "Vovk,Y"]
[Result "1-0"]
[WhiteElo "2498"]
[BlackElo "2600"]

1.e4 c5 2.Nf3 Nc6 3.d4 cxd4 4.Nxd4 Nf6 5.Nc3 d6 6.Bc4 e6 7.Be3 a6 8.Bb3 Be7
9.Qe2 Qc7 10.O-O-O Na5 11.g4 b5 12.g5 Nxb3+ 13.axb3 Nd7 14.h4 b4 15.Na4 Nc5
16.f3 Bd7 17.Kb1 g6 18.Qd2 e5 19.Ne2 Nxa4 20.bxa4 Bxa4 21.h5 Rf8 22.f4 b3
23.cxb3 Bxb3 24.Rc1 Qb7 25.Nc3 Rc8 26.Nd5 Bxd5 27.exd5 Kd7 28.hxg6 hxg6 29.Qg2
f5 30.gxf6 Rxf6 31.Qg4+ Rf5 32.Qxg6 Rxc1+ 33.Rxc1 Rf6 34.Qg4+ Ke8 35.Rc8+ Kf7
36.Qg8# 1-0

[Event "6th Llucmajor Open 2017"]
[Site "Llucmajor ESP"]
[Date "2017.05.14"]
[Round "2.10"]
[White "Arizmendi Martinez,J"]
[Black "Bendayan Claros,A"]
[Result "1-0"]
[WhiteElo "2500"]
[BlackElo "2197"]

1.e4 c6 2.d4 d5 3.Nd2 dxe4 4.Nxe4 Nf6 5.Nxf6+ exf6 6.c3 Bd6 7.Bd3 O-O 8.Qc2
Re8+ 9.Ne2 Kh8 10.O-O Nd7 11.Bf4 Nf8 12.Bxd6 Qxd6 13.Ng3 Be6 14.f4 Rad8 15.f5
Bc8 16.Bc4 Re7 17.Qf2 Rde8 18.Rae1 Kg8 19.Rxe7 Qxe7 20.Nh5 Nd7 21.Qg3 Qe3+
22.Qxe3 Rxe3 23.Kf2 Re8 24.g4 g6 25.Ng3 Kg7 26.h4 a6 27.Bb3 c5 28.h5 b5 29.h6+
Kxh6 30.Bxf7 Rd8 31.Be6 cxd4 32.cxd4 Nb6 33.d5 Bb7 34.Ne4 Kg7 35.Rd1 Kf8
36.Nxf6 Ke7 37.Ng8+ Kd6 38.Nh6 Rf8 39.Nf7+ Rxf7 40.Bxf7 gxf5 41.gxf5 Nxd5
42.Bxd5 {#r} 1-0

[Event "Zahoracky GM 2017"]
[Site "Senica SVK"]
[Date "2017.05.12"]
[Round "6.1"]
[White "Jurcik,Mari"]
[Black "Simacek,P"]
[Result "0-1"]
[WhiteElo "2501"]
[BlackElo "2485"]

1.e4 c5 2.Nf3 Nc6 3.Nc3 e5 4.Bc4 Be7 5.d3 Nf6 6.Ng5 O-O 7.f4 exf4 8.Bxf4 d6
9.O-O Bg4 10.Qd2 Qd7 11.Rae1 Rad8 12.a4 a6 13.Bg3 Nd4 14.a5 h6 15.Nf3 Nxf3+
16.gxf3 Bh3 17.Rf2 Rde8 18.d4 cxd4 19.Qxd4 Rc8 20.Bb3 d5 21.Na4 dxe4 22.Qxd7
Nxd7 23.Rxe4 Bc5 24.Nxc5 Nxc5 25.Re3 Rfe8 26.Rxe8+ Rxe8 27.Rd2 Nxb3 28.cxb3
Re3 29.Kf2 Rxb3 30.Be5 Rb5 31.Bc3 Be6 32.h4 Rf5 33.Kg3 Kh7 34.Re2 Rc5 35.Re5
Rc8 36.Re4 Kg6 37.Rb4 Rc7 38.Be5 Re7 39.Bc3 f6 40.Rd4 Kf7 41.Rd6 Bd7 42.Kf2
Bb5 43.Rd2 Kg6 44.Kg3 Bc6 45.Rd4 Re2 46.Rf4 Kf7 47.Rd4 Ke6 48.Rd1 Kf7 49.Re1
Rc2 50.h5 Bb5 51.Rg1 Ke6 52.Kf4 Kf7 53.Kg3 Bc4 54.Re1 Bd5 55.Re3 Kf8 56.Rd3
Be6 57.Rd1 Bf7 58.Rd7 Bxh5 59.Rxb7 Bg6 60.Rd7 Be8 61.Rb7 Re2 62.Rb8 Kf7
63.Rb7+ Kg8 64.Rb8 Kf7 65.Rb7+ Re7 66.Rb8 Bb5 67.Bd4 Rd7 68.Bc3 Rd5 69.Rb7+
Kg6 70.Rc7 Rg5+ 71.Kh2 Be2 72.f4 Rg4 73.Re7 Bb5 74.Bd2 Kf5 75.Rc7 Bf1 76.Be3
Rg2+ 77.Kh1 Re2 78.Bd4 Rd2 79.Bc3 Rg2 80.Re7 Rg4 81.Bd2 Bd3 82.Kh2 Bf1 83.Be3
Rg2+ 84.Kh1 Re2 85.Kg1 Bh3 86.Bc5 Rg2+ 87.Kh1 Kxf4 88.b4 Rg4 89.Re2 Rh4 90.Rh2
Kf3 91.b5 Rh5 92.Bb6 Bg2+ 93.Kg1 Rxh2 94.Kxh2 Bf1 95.Bc5 Bxb5 96.Bf8 g5
97.Bxh6 g4 98.Kg1 f5 99.Bf8 g3 100.Bd6 f4 101.Bc7 Kg4 102.Bb6 f3 103.Be3 Kf5
{#R} 0-1

[Event "Zahoracky GM 2017"]
[Site "Senica SVK"]
[Date "2017.05.09"]
[Round "2.1"]
[White "Jurcik,Mari"]
[Black "Kuznetsov,Mi1"]
[Result "1-0"]
[WhiteElo "2501"]
[BlackElo "2259"]

1.c4 e5 2.Nc3 Bb4 3.Nf3 Bxc3 4.dxc3 d6 5.g3 Nc6 6.Bg2 Be6 7.Qb3 Bc8 8.c5 Nf6
9.cxd6 cxd6 10.O-O O-O 11.Rd1 Qc7 12.Qa3 d5 13.Bg5 Be6 14.Bxf6 gxf6 15.Qa4 Ne7
16.Nd2 Rfd8 17.Qh4 Kg7 18.Nf1 Rd6 19.Rd2 Qd7 20.Ne3 Rd8 21.Rad1 Ng6 22.Qh5 d4
23.cxd4 exd4 24.b3 Qc8 25.Bf3 Ne5 26.Ng2 d3 27.Nf4 dxe2 28.Rxd6 Nxf3+ 29.Qxf3
Bg4 30.Nh5+ Bxh5 31.Qxf6+ {#r} 1-0

[Event "German Int Juniors 2017"]
[Site "Stroebeck GER"]
[Date "2017.05.14"]
[Round "3.2"]
[White "Kollars,Dmitrij"]
[Black "Sondergaard,Jesper Thybo"]
[Result "1-0"]
[WhiteElo "2503"]
[BlackElo "2449"]
[EventType "k.o."]

1.e4 e5 2.Nf3 Nc6 3.Bc4 Bc5 4.O-O Nf6 5.d3 d6 6.c3 a5 7.Nbd2 O-O 8.h3 h6 9.Re1
a4 10.Bb5 Bd7 11.Nf1 Nb8 12.Bxd7 Nbxd7 13.Ng3 Re8 14.Nh2 c6 15.Nf5 d5 16.Qf3
Bf8 17.Ng4 Kh7 18.Be3 Nxg4 19.hxg4 g6 20.Ng3 Qf6 21.Qxf6 Nxf6 22.f3 Rad8
23.Kf2 c5 24.b3 d4 25.cxd4 cxd4 26.Bd2 a3 27.Rac1 Rc8 28.Ke2 Nd7 29.f4 exf4
30.Bxf4 g5 31.Bc7 Bc5 32.Ba5 Ne5 33.Rf1 Kg6 34.Nf5 Nxg4 35.Bb6 Bf8 36.Bxd4 h5
37.Ne3 Nxe3 38.Rf6+ Kh7 39.Bxe3 Rxc1 40.Bxc1 Rc8 41.Kd1 Kg8 42.Bxg5 Rc3 43.Rf3
Bg7 44.Kd2 Rc6 45.Be3 Rg6 46.Rf2 Rg4 47.Ke2 Rg6 48.d4 Rg3 49.Kd3 h4 50.d5 Bh6
51.Rf3 Rxf3 52.gxf3 h3 53.d6 Bxe3 54.Kxe3 h2 55.d7 h1=Q 56.d8=Q+ Kh7 57.Qd2
Qg1+ 58.Kd3 Qf1+ 59.Qe2 Qb1+ 60.Qc2 Qf1+ 61.Kc3 Qa1+ 62.Kc4 Qb2 63.Kd3 Qe5
64.Qc8 Qd6+ 65.Kc3 b6 66.Qf5+ Kg7 67.Qg5+ Kf8 68.b4 Qe6 69.Qd8+ Kg7 70.Qd5 Qh3
71.e5 Qg2 72.Kb3 Qb2+ 73.Ka4 Qc3 74.f4 Qc1 75.f5 Qc2+ 76.Kb5 Qxf5 77.Kxb6 Qc8
78.b5 Qb8+ 79.Ka5 Qa7+ 80.Kb4 Qe3 81.Qc5 Qd3 82.Qc4 Qe3 83.Qc3 Qb6 84.e6+ f6
85.Qc6 Qe3 86.Qd7+ Kh6 87.e7 {#r} 1-0

[Event "German Int Juniors 2017"]
[Site "Stroebeck GER"]
[Date "2017.05.13"]
[Round "2.2"]
[White "Kollars,Dmitrij"]
[Black "Baskin,R"]
[Result "1-0"]
[WhiteElo "2503"]
[BlackElo "2333"]
[EventType "k.o."]

1.c4 Nf6 2.g3 e6 3.Bg2 d5 4.Nf3 dxc4 5.O-O Nbd7 6.Qa4 c5 7.Qxc4 b6 8.Nd4 Ne5
9.Nc6 Nxc4 10.Nxd8 Rb8 11.Nc6 Rb7 12.d4 Rc7 13.Bf4 Bd6 14.Bxd6 Nxd6 15.dxc5
bxc5 16.Rd1 Nd5 17.Na5 Nb7 18.Nc4 Nb6 19.Nba3 Nxc4 20.Nxc4 Ke7 21.Ne5 Nd8
22.Rac1 Bb7 23.b4 Bxg2 24.Kxg2 Nb7 25.b5 Ra8 26.Nc6+ Ke8 27.Nxa7 Nd8 28.b6 Rb7
29.Nb5 Ke7 30.Rxc5 Rxb6 31.Rc7+ Kf6 32.a4 Nc6 33.Nc3 Ra7 34.Rxa7 Nxa7 35.Rd7
Nc6 36.Rc7 Ra6 37.Ne4+ {#r} 1-0